| 000 | 00662nam a22002177a 4500 | ||
|---|---|---|---|
| 005 | 20160112123326.0 | ||
| 010 | _aENG-114400 | ||
| 020 |
_a9789351435846 _c495.00 |
||
| 035 | _aEN-97932 | ||
| 037 | _bDBAD/PUB | ||
| 082 | _a346.540438 | ||
| 100 | _aKolhatkar, Medha | ||
| 245 |
_aDrafting, pleading and conveyancing / _cby Medha Kolhatkar |
||
| 260 |
_aGurgaon _bLexisNexis _c2015 |
||
| 270 |
_a14th Floor, Building No.10, Tower-B, DLF Cyber City, Phase-II _bGurgaon _e122002 |
||
| 300 |
_axxxv,533p. _c24cm(pbk) |
||
| 650 | _aConveyancing | ||
| 650 | _a Legal composition. | ||
| 650 | _aPleading | ||
| 942 |
_2ddc _cEN _mKOL _h346.540438 |
||
| 999 |
_c97950 _d97950 |
||